Sustainability appraisal in practice : Defence Estates example (Record no. 72743)
[ view plain ]
| 000 -LEADER | |
|---|---|
| fixed length control field | 00956cam a2200217 4500 |
| 001 - CONTROL NUMBER | |
| control field | ABS66668 |
| 008 - FIXED-LENGTH DATA ELEMENTS--GENERAL INFORMATION | |
| fixed length control field | 030523n2002 000 0 eng u |
| 035 ## - SYSTEM CONTROL NUMBER | |
| System control number | (Sirsi) u122386 |
| 100 ## - MAIN ENTRY--PERSONAL NAME | |
| Personal name | Saul, D. |
| 245 ## - TITLE STATEMENT | |
| Title | Sustainability appraisal in practice : Defence Estates example |
| 260 ## - PUBLICATION, DISTRIBUTION, ETC. | |
| Date of publication, distribution, etc. | 2002 |
| 490 ## - SERIES STATEMENT | |
| Series statement | RICS Building Surveying Faculty Feature |
| Volume/sequential designation | 2 May 2003 (3) |
| 520 ## - SUMMARY, ETC. | |
| Summary, etc. | Outlines how Defence Estates is working to introduce sustainability and environmental appraisal processes into its projects. The article considers what constitutes sustainability appraisal, drivers for change, useful guidance and tolls for practitioners, and some of the practical lessons learnt by Defence Estates. References. |
| 590 ## - LOCAL NOTE (RLIN) | |
| Local note | ABS |
| 650 ## - SUBJECT ADDED ENTRY--TOPICAL TERM | |
| Topical term or geographic name entry element | ENVIRONMENTAL APPRAISAL |
| 650 ## - SUBJECT ADDED ENTRY--TOPICAL TERM | |
| Topical term or geographic name entry element | SUSTAINABILITY APPRAISAL MECHANISM |
| 650 ## - SUBJECT ADDED ENTRY--TOPICAL TERM | |
| Topical term or geographic name entry element | SUSTAINABLE CONSTRUCTION |
| 690 ## - LOCAL SUBJECT ADDED ENTRY--TOPICAL TERM (OCLC, RLIN) | |
| Topical term or geographic name as entry element | BUILDING AND CONSTRUCTION-SUSTAINABLE |
| 700 ## - ADDED ENTRY--PERSONAL NAME | |
| Personal name | Whitehead, L. |
| 942 ## - ADDED ENTRY ELEMENTS (KOHA) | |
| Suppress in OPAC | 0 |
| Withdrawn status | Lost status | Source of classification or shelving scheme | Damaged status | Not for loan | Home library | Current library | Shelving location | Date acquired | Total Checkouts | Full call number | Barcode | Date last seen | Copy number | Price effective from | Koha item type |
|---|---|---|---|---|---|---|---|---|---|---|---|---|---|---|---|
| Dewey Decimal Classification | London | London | Journal article | 23/05/2003 | ABS66668 | 122386-2001 | 06/08/2019 | 1 | 06/08/2019 | Journal article | |||||
| Dewey Decimal Classification | Virtual | Virtual | Online | 23/05/2003 | ONLINE PUBLICATION | 122386-1001 | 06/08/2019 | 1 | 06/08/2019 | Journal article |